Country Shapes from A to Z (by pictures) - Statistics

General Stats
  • This quiz has been taken 77 times
  • The average score is 22 of 24
Answer Stats
Picture Hint Answer % Correct
A Australia
100%
B Brazil
98%
C China
98%
I India
98%
J Japan
98%
E Egypt
96%
F France
96%
K Kenya
94%
M Mexico
94%
R Russia
94%
U United States
94%
G Greece
92%
T Turkey
92%
H Haiti
90%
O Oman
90%
S Sri Lanka
90%
V Venezuela
90%
Y Yemen
90%
Q Qatar
88%
Z Zambia
88%
P Portugal
83%
N New Zealand
81%
D Djibouti
77%
L Luxembourg
77%
No matching quizzes found
Score Distribution
Percent of People with Each Score
Percentile by Number Answered
Your Score History
You have not taken this quiz